000 003310000a22001570004500
001 000227
003 MACL
040 _aMACL
090 _c227
_d227
100 _aSahni Bhisham,
245 _aBalraj My Brother
_cSahni Bhisham
260 _aNational Book Trust,
_c1998
350 _a35
650 _aBiography
942 _k920
_cBook
999 _c49534
_d49534